[Event "Wroclaw Anderssen Memorial op"]
[Site "Wroclaw"]
[Date "2024.08.15"]
[Round "4"]
[White "Srinivas Nayak, S."]
[Black "Sonibare, Antoni"]
[Result "0-1"]
[WhiteElo "1513"]
[BlackElo "1639"]
[PlyCount "38"]
[EventDate "2024.08.15"]
[EventType "swiss (blitz)"]
[EventRounds "9"]
[EventCountry "POL"]
[SourceTitle "CBM 221 Extra"]
[Source "ChessBase"]
[SourceDate "2024.09.30"]
[SourceVersion "1"]
[SourceVersionDate "2024.09.30"]
[SourceQuality "1"]

1. c4 Nf6 2. Nc3 e5 3. g3 c6 4. d4 exd4 5. Qxd4 d5 6. cxd5 cxd5 7. Bg2 Nc6 8. Qd1 Bb4 9. Bd2 0-0 10. Qb3 Be6 11. Nb5 Bxd2+ 12. Kxd2 a6 13. Na3 Na5 14. Qf3 Ne4+ 15. Ke1 Nb3 16. Rd1 Qa5+ 17. Kf1 Nbd2+ 18. Ke1 Nxf3+ 19. Kf1 Ned2+ 0-1